[Event "AUTO-OPEN-4050"]
[Site "http://www.queenalice.com/game.php?id=1568550"]
[Date "2019.4.22"]
[Round "1"]
[White "luiz_gustavo"]
[Black "filipewao"]
[Result "1-0"]
[WhiteElo "1734"]
[BlackElo "1400"]

1. e4 e5 2. Nf3 Nc6 3. Bb5 Bc5 4. O-O d6 5. Nc3 Bh3 6. d3 Bg4 7. h3 Be6 8. Re1
Nf6 9. Bxc6+ bxc6 10. Bg5 O-O 11. Qe2 d5 12. exd5 cxd5 13. Qxe5 c6 14. Bxf6 gxf6
15. Qg3+ Kh8 16. Ne2 Rg8 17. Qh2 Bd6 18. Ng3 Bc7 19. Re3 Qb8 20. Nd4 Qxb2 21.
Nb3 Qxc2 22. Kh1 Qxf2 23. Rf3 Bxg3 24. Rxf2 Bxh2 25. Kxh2 Rg5 26. Rxf6 1-0

[Event "AUTO-OPEN-4050"]
[Site "http://www.queenalice.com/game.php?id=1568551"]
[Date "2019.4.22"]
[Round "1"]
[White "filipewao"]
[Black "luiz_gustavo"]
[Result "0-1"]
[WhiteElo "1407"]
[BlackElo "1731"]

1. e4 e5 2. Nf3 Nc6 3. Bb5 a6 4. Be2 Nf6 5. d3 Bc5 6. Bg5 Be7 7. d4 exd4 8. O-O
Nxe4 9. Bxe7 Qxe7 10. c3 dxc3 11. Nxc3 Nxc3 12. bxc3 O-O 13. Bd3 d6 14. Bc2 Bg4
15. Re1 Qf6 16. h3 Bh5 17. g4 Bg6 18. h4 h6 19. g5 Qxc3 20. Bxg6 fxg6 21. Rc1
Qxf3 22. Qc2 Qg4+ 0-1

[Event "AUTO-INT-3427"]
[Site "http://www.queenalice.com/game.php?id=1568749"]
[Date "2019.4.25"]
[Round "1"]
[White "papyrusmoon"]
[Black "filipewao"]
[Result "0-1"]
[WhiteElo "1457"]
[BlackElo "1505"]

1. e4 e5 2. d4 Nc6 3. Nf3 exd4 4. Nxd4 Bc5 5. Nf5 g6 6. Nh6 Nxh6 7. Bxh6 d6 8.
Bc4 Be6 9. b3 Qf6 10. O-O O-O-O 11. Nd2 g5 12. Nf3 Qxh6 13. c3 g4 14. Nd4 g3 15.
b4 Qxh2# 0-1

[Event "AUTO-INT-3427"]
[Site "http://www.queenalice.com/game.php?id=1568750"]
[Date "2019.4.25"]
[Round "1"]
[White "filipewao"]
[Black "papyrusmoon"]
[Result "1-0"]
[WhiteElo "1509"]
[BlackElo "1409"]

1. e4 e5 2. Nf3 Nc6 3. Bb5 a6 4. Bxc6 bxc6 5. d3 d5 6. Nxe5 Bc5 7. Qf3 Nf6 8.
Bg5 h6 9. Be3 Bb4+ 10. c3 Ba5 11. b4 Bb6 12. Nxc6 Qd7 13. exd5 Nxd5 14. Ne5 Qe6
15. O-O Qxe5 16. c4 Qxa1 17. cxd5 Bxe3 18. Qxe3+ Kd8 19. Re1 Qxa2 20. Qe7# 1-0

[Event "AUTO-INT-3427"]
[Site "http://www.queenalice.com/game.php?id=1568765"]
[Date "2019.4.25"]
[Round "1"]
[White "attib"]
[Black "filipewao"]
[Result "1-0"]
[WhiteElo "1681"]
[BlackElo "1515"]

1. d4 d5 2. Nc3 Nc6 3. Nf3 Bg4 4. h3 Bxf3 5. exf3 e6 6. Bb5 Bb4 7. Bd2 Nf6 8.
Qe2 O-O 9. O-O g5 10. Bxg5 Kh8 11. Bxc6 bxc6 12. Qe5 Be7 13. g4 Kg7 14. Qe3 Rg8
15. Qd3 Kf8 16. Bxf6 Bxf6 17. Qxh7 Rh8 18. Qd3 Rxh3 19. Kg2 Rh6 20. Rh1 Bh4 21.
Qe3 f5 22. Qxh6+ Ke7 23. Qxh4+ Kd7 24. Qxd8+ Rxd8 25. Rh6 Kd6 26. g5 c5 27.
dxc5+ Ke7 28. Re1 1-0

[Event "AUTO-INT-3427"]
[Site "http://www.queenalice.com/game.php?id=1568766"]
[Date "2019.4.25"]
[Round "1"]
[White "filipewao"]
[Black "attib"]
[Result "0-1"]
[WhiteElo "1491"]
[BlackElo "1663"]

1. e4 e5 2. Nf3 Nc6 3. Bb5 a6 4. Bxc6 dxc6 5. d3 Nf6 6. Bg5 Be7 7. c4 h6 8. Be3
Bg4 9. O-O O-O 10. Nc3 b5 11. h3 Bh5 12. g4 Nxg4 13. hxg4 Bxg4 14. d4 f6 15. Re1
Bb4 16. a3 Ba5 17. Kf1 Bb6 18. Ke2 exd4 19. Bxd4 Bxd4 20. Qb3 Bxc3 21. Qxc3 Re8
22. Ke3 Bxf3 23. Kxf3 Qd7 24. Rh1 Qe6 25. Rag1 Qxe4+ 26. Kg3 Re5 27. f3 Rg5+ 28.
Kf2 Qe6 29. Rxg5 fxg5 30. Re1 Qf7 31. Ke2 Re8+ 32. Kf2 Qh5 33. Rxe8+ Qxe8 34.
cxb5 axb5 35. Kg3 h5 0-1

[Event "AUTO-INT-3427"]
[Site "http://www.queenalice.com/game.php?id=1568777"]
[Date "2019.4.25"]
[Round "1"]
[White "filipewao"]
[Black "saturnin"]
[Result "0-1"]
[WhiteElo "1425"]
[BlackElo "1558"]

1. e4 e5 2. Nf3 d6 3. Bc4 Bg4 4. d3 Nc6 5. Bg5 Nf6 6. Qe2 Nd4 7. Qe3 Nxf3+ 8.
gxf3 Bh5 9. Nc3 Be7 10. O-O-O c6 11. Rhg1 O-O 12. Bh6 g6 13. Bxf8 Qxf8 14. f4
Ng4 15. Qg3 b5 16. Bb3 Qh6 17. Kb1 exf4 18. Qh3 Nxf2 19. Rxg6+ Qxg6 20. Qd7 Nxd1
21. Nxd1 Qf6 22. Nf2 Qh4 23. Nd1 Bxd1 24. Qf5 Rf8 25. a3 c5 26. Ka2 Qxh2 27. e5
Bxc2 28. Bd5 c4 29. dxc4 bxc4 0-1

[Event "AUTO-INT-3427"]
[Site "http://www.queenalice.com/game.php?id=1568778"]
[Date "2019.4.25"]
[Round "1"]
[White "saturnin"]
[Black "filipewao"]
[Result "0-1"]
[WhiteElo "1495"]
[BlackElo "1517"]

1. b4 e5 2. a3 Be7 3. Bb2 d6 4. e4 Nc6 5. Nf3 Bg4 6. Be2 Qd7 7. h3 Be6 8. c4 Nf6
9. b5 Nd4 10. Nxd4 exd4 11. Bxd4 O-O 12. e5 Ne4 13. O-O Bxh3 14. d3 Qf5 15. dxe4
Qg6 16. Bf3 h5 17. Kh1 Bg4 18. Rg1 f5 19. exd6 Bxd6 20. Qb3 Qg5 21. c5+ Kh7 22.
cxd6 Qh4# 0-1

[Event "AUTO-INT-3428"]
[Site "http://www.queenalice.com/game.php?id=1569131"]
[Date "2019.4.28"]
[Round "1"]
[White "NickThorp"]
[Black "filipewao"]
[Result "1-0"]
[WhiteElo "1646"]
[BlackElo "1414"]

1. e4 e5 2. Nf3 Nc6 3. Bb5 d6 4. h3 Nf6 5. d3 d5 6. Nxe5 Bd6 7. Nxc6 Qd7 8. Nd4
c6 9. Ba4 b5 10. Bb3 O-O 11. Bg5 Be7 12. exd5 Nxd5 13. Bxe7 Qxe7+ 14. Ne2 Bb7
15. O-O c5 16. Bxd5 Bxd5 17. Nbc3 Qg5 18. Ng3 Bb7 19. Nce4 Bxe4 20. Nxe4 Qe5 21.
b3 f5 22. Ng3 f4 23. Ne4 f3 24. gxf3 Rf4 25. Qe2 Raf8 26. Ng3 Qd5 27. Ne4 1-0

[Event "AUTO-INT-3428"]
[Site "http://www.queenalice.com/game.php?id=1569132"]
[Date "2019.4.28"]
[Round "1"]
[White "filipewao"]
[Black "NickThorp"]
[Result "0-1"]
[WhiteElo "1480"]
[BlackElo "1635"]

1. e4 e5 2. Nf3 Nc6 3. Bb5 a6 4. Bxc6 dxc6 5. d3 Bg4 6. c4 Bb4+ 7. Bd2 Bxd2+ 8.
Qxd2 Nf6 9. O-O O-O 10. Ng5 h6 11. Nf3 Bxf3 12. gxf3 b5 13. cxb5 axb5 14. b4 Qd4
15. Nc3 Ra3 16. Rac1 Rfa8 17. Kh1 Qxb4 18. f4 exf4 19. Qxf4 Rxc3 20. Rxc3 Qxc3
21. Qxc7 Rxa2 22. Qc8+ Kh7 23. Rg1 Qxd3 24. e5 Qf3+ 0-1

[Event "AUTO-INT-3428"]
[Site "http://www.queenalice.com/game.php?id=1569143"]
[Date "2019.4.28"]
[Round "1"]
[White "od_xavier"]
[Black "filipewao"]
[Result "1-0"]
[WhiteElo "1554"]
[BlackElo "1374"]

1. c4 c5 2. d4 Na6 3. d5 d6 4. Nd2 e6 5. a3 e5 6. e3 Nf6 7. f3 Be7 8. Ne2 O-O 9.
Nc3 b6 10. Nde4 Nxe4 11. Nxe4 Bf5 12. Qe2 Bxe4 13. fxe4 f5 14. Qc2 Bh4+ 15. Ke2
fxe4 16. Qxe4 Rf2+ 17. Kd3 1-0

[Event "AUTO-INT-3428"]
[Site "http://www.queenalice.com/game.php?id=1569144"]
[Date "2019.4.28"]
[Round "1"]
[White "filipewao"]
[Black "od_xavier"]
[Result "0-1"]
[WhiteElo "1384"]
[BlackElo "1544"]

1. e4 c5 2. c4 Nc6 3. Nf3 f6 4. Bd3 a6 5. b3 d6 6. Nc3 e6 7. O-O Nb4 8. a3 Nxd3
9. Ne1 Nxc1 10. Rxc1 Bd7 11. d3 a5 12. a4 g6 13. d4 Bg7 14. d5 f5 15. exf5 exf5
16. Nf3 h6 17. Qe2+ Ne7 18. Nb5 Bxb5 0-1

[Event "AUTO-INT-3428"]
[Site "http://www.queenalice.com/game.php?id=1569149"]
[Date "2019.4.28"]
[Round "1"]
[White "bdpq"]
[Black "filipewao"]
[Result "1-0"]
[WhiteElo "1564"]
[BlackElo "1423"]

1. e4 e5 2. d4 d5 3. dxe5 Nc6 4. Qxd5 Nb4 5. Qxd8+ Kxd8 6. Bd3 Bc5 7. Nf3 Nxc2+
8. Bxc2 Bg4 9. Bd1 Ne7 10. O-O Kd7 11. Be2 f5 12. h3 Bxf3 13. Bxf3 Raf8 14. exf5
Nxf5 15. Nc3 g5 16. Bxg5 Nd4 17. Bxb7 Rhg8 18. Be3 Rf7 19. Bd5 Ne6 20. Bxc5 c6
21. Bxe6+ Kxe6 22. f4 h5 23. Ne4 Kf5 24. Nd6+ Ke6 25. Nxf7 Kxf7 26. Bxa7 1-0

[Event "AUTO-INT-3428"]
[Site "http://www.queenalice.com/game.php?id=1569150"]
[Date "2019.4.28"]
[Round "1"]
[White "filipewao"]
[Black "bdpq"]
[Result "0-1"]
[WhiteElo "1392"]
[BlackElo "1582"]

1. e4 d5 2. e5 e6 3. d4 Bb4+ 4. Bd2 Bxd2+ 5. Nxd2 Ne7 6. Ngf3 O-O 7. Bd3 g6 8.
O-O Nbc6 9. Qe2 Nb4 10. a3 Nxd3 11. Qxd3 c6 12. Rae1 b6 13. h4 Bb7 14. g4 b5 15.
h5 Qa5 16. hxg6 fxg6 17. Nb3 Qd8 18. Nc5 Qc8 19. Ng5 Rf4 20. Ngxe6 Rxg4+ 21. Kh1
Nf5 22. Rg1 Rh4+ 23. Kg2 Nxd4 24. Nxd4 Qg4+ 25. Kf1 Qh5 26. Nd7 Qh6 27. e6 Qg7
28. Rg5 Qe7 0-1

[Event "AUTO-INT-3430"]
[Site "http://www.queenalice.com/game.php?id=1570715"]
[Date "2019.5.12"]
[Round "1"]
[White "carpielo"]
[Black "filipewao"]
[Result "1-0"]
[WhiteElo "1769"]
[BlackElo "1404"]

1. e4 e5 2. Bc4 Nf6 3. d3 Bc5 4. Nf3 d6 5. Ng5 O-O 6. O-O d5 7. exd5 Nxd5 8.
Bxd5 Be6 9. Nxe6 fxe6 10. Bxb7 Qf6 11. Bxa8 c6 12. Be3 Bd6 13. f3 Qe7 14. Qe2
Qd7 15. d4 Qc7 16. Qc4 exd4 17. Qxe6+ Rf7 18. Bxd4 Bxh2+ 19. Kh1 1-0

[Event "AUTO-INT-3430"]
[Site "http://www.queenalice.com/game.php?id=1570716"]
[Date "2019.5.12"]
[Round "1"]
[White "filipewao"]
[Black "carpielo"]
[Result "0-1"]
[WhiteElo "1402"]
[BlackElo "1771"]

1. e4 e5 2. Nf3 d6 3. Bc4 Nf6 4. Ng5 d5 5. exd5 h6 6. Nf3 Nbd7 7. d4 Bd6 8. Be3
O-O 9. b3 c6 10. O-O cxd5 11. Be2 e4 12. Bf4 Bxf4 13. Ne5 Nxe5 14. dxe5 Bxe5 15.
c3 d4 16. cxd4 Bxd4 17. Nc3 Bxc3 18. Rc1 Qxd1 19. Rfxd1 Bb2 0-1

[Event "Challenge"]
[Site "http://www.queenalice.com/game.php?id=1578986"]
[Date "2019.7.31"]
[Round "-"]
[White "josebaron"]
[Black "filipewao"]
[Result "1-0"]
[WhiteElo "2182"]
[BlackElo "1361"]

1. e4 e5 2. Bc4 d6 3. h3 Nf6 4. Nc3 Nc6 5. Nf3 Be7 6. O-O Nh5 7. d4 Be6 8. d5
Bxh3 9. gxh3 Nd4 10. Nxd4 O-O 11. Nf5 Bg5 12. Bxg5 Qxg5+ 13. Qg4 Qf6 14. Qxh5 g6
15. Qg4 1-0